00452nam a2200145Ia 4500008004100000041000800041100001200049245001700061260002700078300000900105520003200114999001900146650001600165952012500181230818s1986 xx 000 0 und d aeng aPelczar aMicrobiology bMc Grawhill Pub.c1986 a918p aHard Board | Reference Copy c853734d853734 aFood Safety 00104070aHMMbHMMd2023-08-18eJayesh Book Agenciesg540.00l0pHMM-B182r2023-08-18 00:00:00v540.00w2023-08-18yBK